000 00219nam a2200097Ia 4500
008 120527s9999 xx 000 0 und d
100 _aTOCCI,J
245 _aDigital Systems 8th edition
260 _bPearson
942 _cBK
999 _c25209
_d25209